Laboratory methods of biochemistry /

Bibliographic Details
Main Author: Bertho, Alfred, 1899-
Other Authors: Grassmann, Wolfgang, 1898-, McCartney, William
Format: Book
Language:English
German
Published: London : Macmillan and co., limited, 1938.
Subjects:

MARC

Tag First Indicator Second Indicator Subfields
LEADER 00000cam a2200000 4500
001 in00000051431
005 20151007071939.0
008 800604s1938 enka 00010 eng
010 |a  39016081  
035 |a (OCoLC)06388158 
035 |9 AAE6933AM 
040 |a DLC  |c TXA  |d UtOrBLW 
041 1 |a eng  |a ger 
049 |a TXAM  |c [80164] 
050 0 |a QP519  |b .B4 
082 0 |a 574.19072 
092 |a 574.19072  |b B542L 
100 1 |a Bertho, Alfred,  |d 1899- 
245 1 0 |a Laboratory methods of biochemistry /  |c by A. Bertho and W. Grassmann; translated by W. McCartney ... With 33 figures in the text and one folding diagram. 
264 1 |a London :  |b Macmillan and co., limited,  |c 1938. 
300 |a xiv, 281 pages :  |b illustrations, diagrams (1 folded) ;  |c 23 cm. 
336 |a text  |b txt  |2 rdacontent 
337 |a unmediated  |b n  |2 rdamedia 
338 |a volume  |b nc  |2 rdacarrier 
650 0 |a Biochemistry  |v Laboratory manuals. 
700 1 |a Grassmann, Wolfgang,  |d 1898- 
700 1 |a McCartney, William. 
999 |a MARS 
999 f f |s 74688248-6c19-38c9-9508-5d904b3b301f  |i 726e9cc1-5539-3d37-9934-151635ba7a80  |t 0 
952 f f |p ric  |a Texas A&M University  |b Rellis Campus  |c Joint Library Facility  |d Remote Storage  |t 0  |e QP519 .B4  |h Library of Congress classification  |i unmediated -- volume  |m A14800973501 
998 f f |a QP519 .B4  |t 0  |l Remote Storage